Complete the Card - WWE King of the Ring 2000 - Statistics

General Stats
  • This quiz has been taken 7 times
  • The average score is 27 of 29
Answer Stats
Answer % Correct
Albert
100%
Bubba Ray Dudley
100%
Chris Benoit
100%
Christian
100%
D-Von Dudley
100%
Edge
100%
Grandmaster Sexay
100%
Jeff Hardy
100%
Kane
100%
Kurt Angle
100%
Matt Hardy
100%
Road Dogg
100%
Scotty 2 Hotty
100%
Shane McMahon
100%
Test
100%
The Rock
100%
The Undertaker
100%
Triple H
100%
Vince McMahon
100%
Chris Jericho
83%
Crash Holly
83%
Eddie Guerrero
83%
Gerald Brisco
83%
Pat Patterson
83%
Rikishi
83%
Val Venis
83%
Bull Buchanan
67%
Tori
67%
X-Pac
67%
No matching quizzes found
Score Distribution
Percent of People with Each Score
Percentile by Number Answered
Your Score History
You have not taken this quiz